[Event "Ortigueira op 1st"]
[Site "Ortigueira"]
[Date "2002.08.08"]
[Round "5"]
[White "Mendez, Ernesto"]
[Black "Ivanov, Jordan"]
[Result "1/2-1/2"]
[WhiteElo "2399"]
[BlackElo "2414"]
[PlyCount "153"]
[EventDate "2002.08.04"]
[EventType "swiss"]
[EventRounds "9"]
[EventCountry "ESP"]
[SourceTitle "CBM 089 Extra"]
[Source "ChessBase"]
[SourceDate "2002.09.10"]
[SourceVersion "2"]
[SourceVersionDate "2002.09.10"]
[SourceQuality "1"]

1. d4 d5 2. Nf3 Nf6 3. c4 dxc4 4. e3 e6 5. Bxc4 c5 6. 0-0 Nc6 7. Nc3 cxd4 8. exd4 Be7 9. Bg5 0-0 10. Re1 b6 11. a3 Bb7 12. Ba2 Rc8 13. Qd3 Rc7 14. Rad1 Rd7 15. Bb1 g6 16. Ba2 Kg7 17. h3 Nd5 18. Bc1 Nxc3 19. bxc3 Bf6 20. Qe3 Kh8 21. Ng5 e5 22. Qg3 exd4 23. Qh4 h5 24. g4 Ne7 25. cxd4 Rd5 26. Rd3 Ng8 27. Bxd5 Qxd5 28. f3 Bxd4+ 29. Rxd4 Qxd4+ 30. Be3 Qa4 31. Qg3 f6 32. Qc7 fxg5 33. Qxb7 Nf6 34. Bxg5 Qd4+ 35. Kh1 Nd5 36. Bh6 Qc3 37. Rf1 Rxf3 38. Bg7+ Qxg7 39. Qxg7+ Kxg7 40. Rxf3 hxg4 41. hxg4 Nf6 42. Rf4 g5 43. Rc4 Nd5 44. Rd4 Nf6 45. Kg2 Kf7 46. Kf3 Ke7 47. Rd1 b5 48. Rh1 a5 49. Rh8 b4 50. a4 Nd7 51. Ra8 Ne5+ 52. Ke4 Nxg4 53. Rxa5 Nf6+ 54. Kd4 g4 55. Rb5 g3 56. Ke3 Kd6 57. Rb6+ Ke5 58. Kf3 Nd5 59. Rb8 Kd6 60. Kxg3 Kc7 61. Rb5 Kc6 62. Kf3 Kd6 63. Kf2 Nc3 64. Rxb4 Kc5 65. Rh4 Kb6 66. Ke3 Ka5 67. Kd3 Nxa4 68. Kc4 Nb6+ 69. Kc5 Na4+ 70. Kc6 Nb2 71. Rd4 Na4 72. Rc4 Nb2 73. Rc2 Na4 74. Rc4 Nb2 75. Rc2 Na4 76. Ra2 Kb4 77. Rxa4+ 1/2-1/2

[Event "Ortigueira op 1st"]
[Site "Ortigueira"]
[Date "2002.08.06"]
[Round "3"]
[White "Mendez, Ernesto"]
[Black "Paredes Galan, Angel"]
[Result "1-0"]
[WhiteElo "2399"]
[BlackElo "2302"]
[PlyCount "61"]
[EventDate "2002.08.04"]
[EventType "swiss"]
[EventRounds "9"]
[EventCountry "ESP"]
[SourceTitle "CBM 089 Extra"]
[Source "ChessBase"]
[SourceDate "2002.09.10"]
[SourceVersion "2"]
[SourceVersionDate "2002.09.10"]
[SourceQuality "1"]

1. d4 Nf6 2. c4 g6 3. Nc3 d5 4. Nf3 Bg7 5. Bg5 Ne4 6. cxd5 Nxg5 7. Nxg5 c6 8. Nf3 cxd5 9. e3 0-0 10. Qb3 e6 11. Be2 Nc6 12. 0-0 Kh8 13. Rfd1 f5 14. h4 b6 15. g3 Bb7 16. Rac1 Qe7 17. Bf1 h6 18. Qa3 Qf6 19. Ba6 Bxa6 20. Qxa6 g5 21. hxg5 hxg5 22. Ne2 Ne7 23. Ne5 f4 24. exf4 gxf4 25. Nxf4 Bh6 26. Nd7 Qf5 27. Nxf8 Rxf8 28. Qd3 Qg4 29. Rc7 Bxf4 30. Rxe7 Qh5 31. Kg2 1-0

[Event "Ortigueira op 1st"]
[Site "Ortigueira"]
[Date "2002.08.04"]
[Round "1"]
[White "Mendez, Ernesto"]
[Black "Caaveiro Prieto, Jesus"]
[Result "1-0"]
[WhiteElo "2399"]
[BlackElo "1862"]
[PlyCount "67"]
[EventDate "2002.08.04"]
[EventType "swiss"]
[EventRounds "9"]
[EventCountry "ESP"]
[SourceTitle "CBM 089 Extra"]
[Source "ChessBase"]
[SourceDate "2002.09.10"]
[SourceVersion "2"]
[SourceVersionDate "2002.09.10"]
[SourceQuality "1"]

1. Nf3 Nf6 2. c4 c6 3. d4 d5 4. e3 Bg4 5. Nc3 Nbd7 6. h3 Bxf3 7. Qxf3 e6 8. Bd3 dxc4 9. Bxc4 Nb6 10. Bb3 Bb4 11. 0-0 Nbd5 12. e4 Nxc3 13. bxc3 Be7 14. Bb2 0-0 15. Rad1 Qb6 16. c4 Rad8 17. e5 Ne8 18. d5 cxd5 19. cxd5 exd5 20. Rxd5 Rxd5 21. Qxd5 Nc7 22. Qd7 Bc5 23. Qf5 Ne6 24. Rd1 a5 25. Bc3 Nd4 26. Bxd4 Bxd4 27. e6 Bf6 28. Bc2 fxe6 29. Qxh7+ Kf7 30. Rd7+ Be7 31. Qh5+ Kf6 32. Qg6+ Ke5 33. Qe4+ Kf6 34. Qf4# 1-0

[Event "Villa de Marin op 2nd"]
[Site "Marin"]
[Date "2002.07.21"]
[Round "6.5"]
[White "Mendez, Ernesto"]
[Black "Barreiro Pineiro, Jose"]
[Result "1-0"]
[WhiteElo "2399"]
[BlackElo "2114"]
[PlyCount "67"]
[EventDate "2002.07.16"]
[EventType "swiss"]
[EventRounds "9"]
[EventCountry "ESP"]
[SourceTitle "EXT 2003"]
[Source "ChessBase"]
[SourceDate "2002.11.25"]
[SourceVersion "1"]
[SourceVersionDate "2002.11.25"]
[SourceQuality "1"]

1. Nf3 d5 2. g3 Nf6 3. Bg2 g6 4. 0-0 Bg7 5. d3 0-0 6. Nbd2 Nbd7 7. c4 e6 8. Rb1 c5 9. a3 Qc7 10. b4 b6 11. Bb2 Bb7 12. cxd5 Bxd5 13. Rc1 Qd8 14. Nc4 Ne8 15. Bxg7 Kxg7 16. Qd2 Qe7 17. bxc5 Nxc5 18. Qb4 Qd8 19. Nce5 f6 20. Nc4 Rc8 21. Ne3 Nc7 22. a4 Nb7 23. Nd4 Qd7 24. Nxd5 Nxd5 25. Qb3 Nc5 26. Qc4 Rfd8 27. Bxd5 exd5 28. Qb5 Kf7 29. Rc2 Rc7 30. Rfc1 Rdc8 31. a5 Qd6 32. axb6 axb6 33. Qb4 Qd7 34. Qxb6 1-0